FGPA design : (Record no. 33195)

000 -LEADER
fixed length control field 01127cam a22003377a 4500
001 - CONTROL NUMBER
control field 16281425
003 - CONTROL NUMBER IDENTIFIER
control field OSt
005 - DATE AND TIME OF LATEST TRANSACTION
control field 20211027154952.0
008 - FIXED-LENGTH DATA ELEMENTS--GENERAL INFORMATION
fixed length control field 100614s2010 nyua b 001 0 eng
010 ## - LIBRARY OF CONGRESS CONTROL NUMBER
LC control number 2010930598
015 ## - NATIONAL BIBLIOGRAPHY NUMBER
National bibliography number GBB073777
Source bnb
016 7# - NATIONAL BIBLIOGRAPHIC AGENCY CONTROL NUMBER
Record control number 015579044
Source Uk
020 ## - INTERNATIONAL STANDARD BOOK NUMBER
International Standard Book Number 9781441963383 (hbk.)
035 ## - SYSTEM CONTROL NUMBER
System control number (OCoLC)ocn642290989
038 ## - RECORD CONTENT LICENSOR
Staff Name khadija
040 ## - CATALOGING SOURCE
Original cataloging agency UKM
Transcribing agency UKM
Modifying agency C#P
-- VRC
-- BTCTA
-- YDXCP
-- CDX
-- BWX
-- DLC
042 ## - AUTHENTICATION CODE
Authentication code lccopycat
050 00 - LIBRARY OF CONGRESS CALL NUMBER
Classification number TK7895.G36
Item number S56 2010
082 04 - DEWEY DECIMAL CLASSIFICATION NUMBER
Classification number 621.395
Edition number 22
Author Mark SIM
100 1# - MAIN ENTRY--PERSONAL NAME
Personal name Simpson, Philip A.
9 (RLIN) 83478
245 10 - TITLE STATEMENT
Title FGPA design :
Remainder of title best practices for team-based design /
Statement of responsibility, etc. Philip Simpson.
260 ## - PUBLICATION, DISTRIBUTION, ETC.
Place of publication, distribution, etc. New York :
Name of publisher, distributor, etc. Springer,
Date of publication, distribution, etc. c2010.
300 ## - PHYSICAL DESCRIPTION
Extent xv, 151 p. :
Other physical details ill. ;
Dimensions 24 cm.
504 ## - BIBLIOGRAPHY, ETC. NOTE
Bibliography, etc. note Includes bibliographical references (p. 147) and index.
563 ## - BINDING INFORMATION
Binding note Hardcover
650 #0 - SUBJECT ADDED ENTRY--TOPICAL TERM
Topical term or geographic name entry element Field programmable gate arrays
General subdivision Design
-- Methodology.
9 (RLIN) 83479
906 ## - LOCAL DATA ELEMENT F, LDF (RLIN)
a 7
b cbc
c copycat
d 2
e ncip
f 20
g y-gencatlg
942 ## - ADDED ENTRY ELEMENTS (KOHA)
Source of classification or shelving scheme
Koha item type Book
Holdings
Withdrawn status Lost status Source of classification or shelving scheme Damaged status Not for loan Permanent Location Current Location Shelving location Date acquired Full call number Barcode Date last seen Price effective from Koha item type
          School of Mechanical & Manufacturing Engineering (SMME) School of Mechanical & Manufacturing Engineering (SMME) General Stacks 01/05/2016 621.395 SIM SMME-1956 03/29/2018 01/05/2016 Book
© 2023 Central Library, National University of Sciences and Technology. All Rights Reserved.